MDQL
is popping MORE tags! Check the
thread
!
Quizzes
Events
Quiz Creation
Community
Videos
Private Events
Remove Ads
Sign In
Join for FREE
Feedback
Dark Mode
Quiz Categories
Sports
Geography
Music
Movies
Television
Just For Fun
Miscellaneous
History
Literature
Language
Science
Gaming
Entertainment
Religion
Holiday
For Kids
Quiz Lab
Recent
Popular Today
Quiz Kudos Today
Editor Picks
Curator Picks
Quizzes by...
Day
Popularity
Type
Ratings
Length
Year
Community
Subscriptions
Recent Discussions
Orange Saloon
Badges
Playlists
Quests
Create
Leaderboards
Showdown
Live 5
Trivia Bingo
Activity
Puzzle Library
Sporcle Events
Private Events
Virtual Trivia
Globe League
Become a Host
Pub Owners
SporcleCon
Opinionation
Our Games
Videos
Blog
Mobile Apps
Partnerships
Remove Ads and Go Orange
Feedback
Geography
Country
Landmarks
City
State
Population
World
Capital
Continent
Flags
Europe
Africa
Asia
South America
North America
Oceania
Border
Canada
United Kingdom
Topography
United States
Geography
Country
Landmarks
City
State
Population
World
Capital
Continent
Flags
Europe
Africa
Asia
South America
North America
Oceania
Border
Canada
United Kingdom
Topography
United States
Random Quiz
Search Sporcle
×
Quiz Lab
Quiz Lab
Geography
Country
Type in answers that appear in a list
Type in answers that appear in a list
Classic
Best Score? Go Orange.
Hydroelectric Countries Stats
Can you name the top countries whose majority energy production is hydroelectricity?
By
Caius
5m
30 Questions
283 Plays
283 Plays
283 Plays
Comments
Comments
Give Quiz Kudos
Give Quiz Kudos
-
- Ratings
hide this ad
More Info
Replay
Link that replays current quiz
Next Quiz
Link to next quiz in quiz playlist
You Got
0%
They Got
Avg Score
44%
Avg Friend Score
Upgrade to see
Score Distribution
Jump to the score distribution portion of the page
Score
0/30
Timer
05:00
0
Plays Today
Percentage
Country
% Correct
82.80%
Brazil
74.2%
98.81%
Norway
70.7%
82.73%
Iceland
66.4%
100%
Paraguay
65.7%
72.25%
Peru
65.4%
79.77%
Colombia
63.6%
71.00%
Venezuela
62.5%
58.90%
Ecuador
59.4%
81.03%
Uruguay
54.1%
65.60%
Panama
49.8%
99.83%
Nepal
48.4%
79.00%
Costa Rica
47%
99.68%
Democratic Republic of the Congo
46.6%
64.62%
New Zealand
45.2%
59.15%
Austria
40.3%
Percentage
Country
% Correct
99.25%
Ethiopia
39.9%
99.70%
Mozambique
38.9%
99.39%
Zambia
38.5%
100%
Republic of the Congo
37.8%
95.08%
Tanzania
37.1%
87.45%
Ghana
36.7%
95.38%
Cameroon
33.2%
66.47%
Angola
32.5%
61.07%
Togo
28.6%
87.36%
Georgia
28.3%
97.66%
Tajikistan
26.5%
96.91%
Namibia
26.5%
93.08%
Kyrgyzstan
23.7%
66.39%
Latvia
20.1%
98.33%
Albania
12.4%
Quiz Playlist
Details
Report
Send in Message
Add To Playlist
More Info:
Hydroelectricity refers to electricity produced through the use of the gravitational force of falling or flowing water.
Classic:
Type in answers that appear in a list
Quiz Source
Last Updated: Feb 16, 2017
Quiz Scoreboard
CHALLENGE
Sign Up to Join the Scoreboard
Show All
Scores
Hide
Comments
May contain spoilers
Recently Published
Holiday 10x10 Sorting Gallery
by lukepisani3
Holiday
15m
Two Season TV Shows II
by 123Four
Television
10m
Image Sorting: Flags VI
by Barbecue
Geography
2m
More to Explore
Quiz From the Vault
Featured Blog Post
14 Easter Pick-up Lines to Find Eggs With
hide this ad
You Might Also Like...
Tags
Country Quiz
Energy
Energy-efficient
Hydroelectricity
Producing
Renewable
Water
Today's Top Quizzes in Geography
Browse Geography
hide this ad
Today's Top Quizzes in Country
Browse Country
Top Contributed Quizzes in Geography
1
Colored Red Europe Blitz I
2
Countries of the World - No Outlines Minefield
3
Colored Red Africa Blitz II
4
Colored Red Europe Blitz II
5
Colored Red Europe Blitz III
6
Colored Red Africa Blitz III
7
Colored Red States Blitz I
8
A Different View: World Oceans
9
Colored Red States Blitz II
10
Colored Red States Blitz III
Explore More
Trending Topics
Marvel
NBA
Disney
Crossword
Harry Potter
Anime
Kpop
Song
Soccer
Country
NFL
Puzzle
WWE
The Office
Pokémon
hide this ad
More By:
Caius
Quiz
Plays
Rating
Category
Featured
Created
Borderless Countries
125,637
3.87
Geography
Apr 6, 2012
Microstates
70,697
4.61
Geography
May 14, 2011
Naked Countries
1,918
4.63
Geography
May 21, 2011
Country Quiz: Malta
1,030
4.40
Geography
Aug 15, 2010
Logan Lerman Movies
411
4.25
Movies
Jun 28, 2010
Go to Creator's Profile
Score Distribution
Quiz Creator Spotlight
Caius
Follow
Send a Message
Quizzes Created
-
Created Quiz Play Count
-
More By This Creator
Popular Quizzes Today
1
Find the US States - No Outlines Minefield
2
Colored Red Africa Blitz
3
Find the 'City' Movie
4
The Countries of the World
5
Find the US States
6
5x2 Blitz: Bands
7
Find the Countries of Europe - No Outlines Minefield
8
US States
More Geography Quizzes
World Flag Cutout Blitz
Editor's Pick
Trending Quizzes
Colored Red Europe Blitz I
Colored Red Europe Blitz II
Colored Red Africa Blitz II
Colored Red Europe Blitz III
Colored Red Africa Blitz III
Recently Updated
Odd Team Out - Big 4 Players
pecheneg
Quick Pick: 20 Twenties
pecheneg
March Madness Men's Triple Doubles
pecheneg
How Do You Spell That?
pecheneg
Godzilla Movies
pecheneg
Grab Bag: 4-10 Letters
pecheneg
2024 March Madness Bracket
pecheneg
Famous TV Couples
Peacemaker
Champions League XIs: Real Madrid
pecheneg
Largest US Cities 1790-2010
pecheneg
Trending Topics
Crossword
Anime
Harry Potter
Disney
NBA
Marvel
Kpop
NFL
Puzzle
Soccer
Country
Song
WWE
The Office
Pokémon
Your Account Isn't Verified!
In order to create a playlist on Sporcle, you need to verify the email address you used during registration. Go to your
Sporcle Settings
to finish the process.
Report this User
Report this user for behavior that violates our
Community Guidelines
.
Details:
Send Report
Go to the Sporcle.com Mobile Site →
Comments